Ramon trias fargas : Introduccion a la economia de cataluna
Tallennettuna:
| Aineistotyyppi: | Kirja |
|---|---|
| Kieli: | Undetermined |
| Julkaistu: |
Madrid
El Libro de Bosillo
1972
|
| Aiheet: | |
| Tagit: |
Lisää tagi
Ei tageja, Lisää ensimmäinen tagi!
|
| Thư viện lưu trữ: | Trung tâm Học liệu Trường Đại học Cần Thơ |
|---|
| LEADER | 00453nam a2200169Ia 4500 | ||
|---|---|---|---|
| 001 | CTU_83130 | ||
| 008 | 210402s9999 xx 000 0 und d | ||
| 082 | |a 330 | ||
| 082 | |b R175 | ||
| 245 | 0 | |a Ramon trias fargas : | |
| 245 | 0 | |b Introduccion a la economia de cataluna | |
| 260 | |a Madrid | ||
| 260 | |b El Libro de Bosillo | ||
| 260 | |c 1972 | ||
| 650 | |a Economic | ||
| 904 | |i QHieu(sửa) | ||
| 980 | |a Trung tâm Học liệu Trường Đại học Cần Thơ | ||